000 00371nam a22001577a 4500
999 _c145151
_d145151
020 _a9788190572057
082 _aH1
_bANI/T
100 _aAnirudha Sinha
245 _aTamasha/
_cby Anirudha Sinha
260 _aAllahabad:
_bAsmita Prakashan,
_c2008.
300 _a120p.
650 _aPoetry Hindi
650 _aLiterature Hindi
650 _aLiterature
942 _cBK